365 Wonders of the world / (Record no. 141578)

MARC details
000 -LEADER
fixed length control field 00560nam a22001697a 4500
010 ## - LCCN (DPL NO)
LC control number 1718CH-EN
020 ## - INTERNATIONAL STANDARD BOOK NUMBER
International Standard Book Number 9789380069357
Terms of availability 450.00
035 ## - SYSTEM CONTROL NUMBER
System control number B-667918
037 ## - SOURCE OF ACQUISITION
Stock number DPL
Source of stock number/acquisition Techniz
082 ## - DEWEY DECIMAL CLASSIFICATION NUMBER
Classification number S
245 ## - TITLE STATEMENT
Title 365 Wonders of the world /
260 ## - PUBLICATION, DISTRIBUTION, ETC. (IMPRINT)
Place of publication, distribution, etc New Delhi
Name of publisher, distributor, etc Om Kidz
Date of publication, distribution, etc 2016 (repr)
270 ## - ADDRESS
Address 4379/4B, Prakash House, Ansari Road,
City New Delhi
Postal code 110002
300 ## - PHYSICAL DESCRIPTION
Extent 228p.
Other physical details ill.
Dimensions 27cm(Hb)
942 ## - ADDED ENTRY ELEMENTS (KOHA)
Source of classification or shelving scheme Dewey Decimal Classification
Item type Children Books
Call number suffix WON
Classification part S
Holdings
Withdrawn status Lost status Not for loan Collection code Home library Current library Date acquired Source of acquisition Cost, normal purchase price Full call number Barcode Copy number Cost, replacement price Koha item type
      Fiction Ashok Vihar Ashok Vihar 22/08/2017 BPPD/CH-EN/2014-15/AV/16-17/385/15.2.2017/17433/24.2.2017/ 18.3.2017 450.00 S WON B-667918 1 450.00 Children Books

© Delhi Public Library
Hit Counter
free hit counter